[Event "68th ch-ARM"]
[Site "Yerevan ARM"]
[Date "2008.01.08"]
[Round "1"]
[White "Petrosian, TL."]
[Black "Anastasian, A."]
[Result "1-0"]
[WhiteElo "2606"]
[BlackElo "2562"]
[PlyCount "81"]
[EventDate "2008.01.08"]

1. e4 c5 2. Nf3 e6 3. Nc3 a6 4. d4 cxd4 5. Nxd4 b5 6. g3 Bb7 7. Bg2 Nc6 8. O-O
Nge7 9. Nb3 Na5 10. Nc5 Nec6 11. Nxb7 Nxb7 12. e5 Rc8 13. Re1 Be7 14. Qg4 Kf8
15. h4 h5 16. Qd1 d5 17. exd6 Nxd6 18. Bf4 g6 19. Bxc6 Rxc6 20. Qf3 Qc8 21. Be5
Rg8 22. Qf4 Nc4 23. Qh6+ Ke8 24. Qh7 Rf8 25. Bg7 Nxb2 26. Ne4 Nc4 27. Bxf8 Bxf8
28. Ng5 Qc7 29. Nxe6 fxe6 30. Rxe6+ Kd8 31. Rd1+ Rd6 32. Rdxd6+ Nxd6 33. Qg8
Kd7 34. Rxg6 Qd8 35. Qe6+ Kc7 36. Rg5 Nc4 37. Qxa6 Qd1+ 38. Kh2 Qf3 39. Qa7+
Kd8 40. Rxb5 Bd6 41. Rg5 1-0

[Event "68th ch-ARM"]
[Site "Yerevan ARM"]
[Date "2008.01.08"]
[Round "1"]
[White "Minasian, Ara"]
[Black "Yegiazarian, A."]
[Result "1-0"]
[WhiteElo "2466"]
[BlackElo "2512"]
[PlyCount "51"]
[EventDate "2008.01.08"]

1. c4 e6 2. Nc3 Bb4 3. e4 Ne7 4. g3 Bxc3 5. bxc3 d5 6. Bg2 dxe4 7. Bxe4 O-O 8.
d4 Nbc6 9. Nf3 h6 10. O-O Bd7 11. Rb1 Rb8 12. Bc2 Ng6 13. Qd3 f5 14. Re1 Qf6
15. c5 Rfd8 16. c4 Be8 17. d5 Bf7 18. Bb2 e5 19. Qxf5 Na5 20. Nxe5 Qxf5 21.
Bxf5 Nxe5 22. Bxe5 Nxc4 23. Bxc7 Rxd5 24. Bxb8 Rxf5 25. Rxb7 Nd2 26. Rxf7 1-0

[Event "68th ch-ARM"]
[Site "Yerevan ARM"]
[Date "2008.01.08"]
[Round "1"]
[White "Ter Sahakyan, S."]
[Black "Babujian, L."]
[Result "1-0"]
[WhiteElo "2369"]
[BlackElo "2439"]
[PlyCount "99"]
[EventDate "2008.01.08"]

1. e4 e5 2. Nf3 Nc6 3. Bb5 a6 4. Ba4 Nf6 5. O-O Be7 6. Re1 b5 7. Bb3 O-O 8. a4
b4 9. d3 Bb7 10. Nbd2 Na5 11. Nxe5 d5 12. exd5 Nxd5 13. Ba2 Bf6 14. Nec4 Nc6
15. Ne4 Bd4 16. Ncd6 cxd6 17. Bxd5 Qa5 18. Qf3 Rae8 19. Bd2 Bxb2 20. Rab1 Bd4
21. Nxd6 Ne5 22. Rxe5 Rxe5 23. Bxb7 Qc5 24. Nc4 Re6 25. Be3 Rfe8 26. h3 Qc7 27.
Bd5 Rf6 28. Qg4 Bc3 29. a5 Rg6 30. Qf4 Qd7 31. Be4 Rf6 32. Qg4 Qa4 33. Qd1 Qb5
34. Bd2 Qc5 35. Ne3 Qxa5 36. Nd5 Rd6 37. Qh5 Rxd5 38. Bxd5 Qc7 39. Bxc3 bxc3
40. g3 g6 41. Qf3 Re7 42. Rb7 Qe5 43. Bxf7+ Kg7 44. Bb3 a5 45. Rxe7+ Qxe7 46.
Qc6 Qe5 47. Kg2 h5 48. Qd5 Qc7 49. Qg8+ Kf6 50. Qf8+ 1-0

[Event "68th ch-ARM"]
[Site "Yerevan ARM"]
[Date "2008.01.08"]
[Round "1"]
[White "Andriasian, Z."]
[Black "Pashikian, A."]
[Result "1/2-1/2"]
[WhiteElo "2532"]
[BlackElo "2556"]
[PlyCount "36"]
[EventDate "2008.01.08"]

1. e4 e5 2. Nf3 Nc6 3. Bb5 Nf6 4. d3 Bc5 5. c3 O-O 6. O-O d6 7. Nbd2 Bd7 8. Ba4
a6 9. h3 Ba7 10. Re1 Ne7 11. Bc2 Ng6 12. Nf1 Nh5 13. d4 Nhf4 14. Ng3 c5 15. d5
c4 16. Be3 Nh4 17. Bxf4 exf4 18. Nf5 Bxf5 1/2-1/2

[Event "68th ch-ARM"]
[Site "Yerevan ARM"]
[Date "2008.01.08"]
[Round "1"]
[White "Minasian, Art"]
[Black "Nalbandian, T."]
[Result "1-0"]
[WhiteElo "2578"]
[BlackElo "2505"]
[PlyCount "83"]
[EventDate "2008.01.08"]

1. b3 e5 2. Bb2 Nc6 3. e3 Nf6 4. Bb5 d6 5. Ne2 Be7 6. d4 exd4 7. Nxd4 Bd7 8.
Bxc6 bxc6 9. Qf3 d5 10. Nd2 Qc8 11. e4 dxe4 12. Nxe4 O-O 13. O-O-O Bg4 14. Nxc6
Bxf3 15. Nxe7+ Kh8 16. Nxc8 Bxd1 17. Nxf6 Rfxc8 18. Rxd1 gxf6 19. Bxf6+ Kg8 20.
Rd3 Re8 21. Rg3+ Kf8 22. Rg7 Re1+ 23. Kb2 Rc8 24. Rxh7 Ke8 25. g4 c5 26. g5 Rf1
27. h4 Rxf2 28. h5 Rh2 29. h6 Rc6 30. Rh8+ Kd7 31. h7 Rxf6 32. gxf6 Rh3 33. Rg8
Rxh7 34. Rg7 Rh5 35. Rxf7+ Ke6 36. Rxa7 Kxf6 37. Rd7 Ke6 38. Rd2 Rh3 39. c4 Rh5
40. a4 Rg5 41. Ka3 Rg1 42. Rd5 1-0

[Event "68th ch-ARM"]
[Site "Yerevan ARM"]
[Date "2008.01.09"]
[Round "2"]
[White "Kotanjian, T."]
[Black "Asrian, K."]
[Result "0-1"]
[WhiteElo "2545"]
[BlackElo "2621"]
[PlyCount "202"]
[EventDate "2008.01.08"]

1. d4 e6 2. c4 Nf6 3. Nc3 Bb4 4. Qc2 d5 5. cxd5 Qxd5 6. Nf3 Qf5 7. Qb3 c5 8. a3
Bxc3+ 9. Qxc3 Nbd7 10. g4 Qe4 11. dxc5 O-O 12. Be3 Nd5 13. Qd4 Qc2 14. b4 Nxe3
15. fxe3 a5 16. Bg2 axb4 17. axb4 Rxa1+ 18. Qxa1 Nf6 19. Ne5 Nd5 20. Bxd5 exd5
21. Rg1 Be6 22. Nd3 Qc4 23. Qd4 Ra8 24. Kf2 Ra2 25. h3 Bd7 26. Rc1 Qxd4 27.
exd4 g5 28. Rb1 Bb5 29. Rb2 Ra3 30. Ne1 f6 31. Nc2 Rxh3 32. Ne3 h5 33. gxh5 Rh4
34. Rd2 Bc6 35. b5 Bxb5 36. Nxd5 Kf7 37. Nc3 Be8 38. e4 Rh2+ 39. Ke1 Rh1+ 40.
Ke2 Rxh5 41. Kd3 Kg6 42. Rb2 Rh3+ 43. Kc4 Rh7 44. Rb6 g4 45. e5 g3 46. Rxf6+
Kg5 47. Ne2 g2 48. Kd5 Bb5 49. Rf2 Kh4 50. Ke4 Rg7 51. Ng1 Bc6+ 52. Ke3 Rg3+
53. Kd2 Ra3 54. Rf8 Ra1 55. Rh8+ Kg4 56. Rg8+ Kf5 57. Ne2 Bd5 58. e6 Kxe6 59.
Nf4+ Kf7 60. Rg5 Bc6 61. Nxg2 Bxg2 62. Kc3 Be4 63. Re5 Bh1 64. d5 Kf6 65. Re6+
Kf5 66. c6 bxc6 67. Rxc6 Bxd5 68. Rh6 Ke4 69. Rh4+ Ke3 70. Rh3+ Bf3 71. Rg3
Rc1+ 72. Kb4 Ke4 73. Rh3 Rc8 74. Rh2 Ke5 75. Rd2 Bd5 76. Re2+ Kd6 77. Rh2 Rc4+
78. Kb5 Rg4 79. Rh6+ Be6 80. Rf6 Rh4 81. Rg6 Rh3 82. Kb4 Rb3+ 83. Ka4 Rb8 84.
Ka3 Ke5 85. Rh6 Bc4 86. Rh4 Kd5 87. Rh3 Kd4 88. Rg3 Bd3 89. Ka4 Be2 90. Rh3 Kc4
91. Rh4+ Kc3 92. Rh3+ Kc4 93. Rh4+ Kc5 94. Ka3 Rb7 95. Rh2 Bc4 96. Rh3 Ra7+ 97.
Kb2 Ra2+ 98. Kc1 Kd4 99. Kd1 Bd3 100. Rh8 Kc3 101. Rc8+ Bc4 0-1

[Event "68th ch-ARM"]
[Site "Yerevan ARM"]
[Date "2008.01.09"]
[Round "2"]
[White "Pashikian, A."]
[Black "Minasian, Ara"]
[Result "1/2-1/2"]
[WhiteElo "2556"]
[BlackElo "2466"]
[PlyCount "93"]
[EventDate "2008.01.08"]

1. e4 e5 2. Nf3 Nc6 3. Bb5 Nf6 4. O-O Nxe4 5. d4 Nd6 6. Bxc6 dxc6 7. dxe5 Nf5
8. Qxd8+ Kxd8 9. Nc3 Ne7 10. h3 Ng6 11. b3 Ke8 12. Ne2 a5 13. Bb2 a4 14. Rfe1
Bb4 15. Bc3 Bxc3 16. Nxc3 axb3 17. axb3 Rxa1 18. Rxa1 Ke7 19. Kh2 h5 20. Nd1 h4
21. Ne3 Rh5 22. Ra8 Be6 23. Ng4 Bd5 24. Rc8 Kd7 25. Rg8 Bxf3 26. gxf3 Nxe5 27.
Rxg7 Ke6 28. Kg2 Ng6 29. Rg8 Rc5 30. Re8+ Kd6 31. c4 Rg5 32. Kh2 Kc5 33. Rc8
Rf5 34. Rxc7 Rxf3 35. Rxb7 f5 36. b4+ Kd4 37. Rd7+ Kc3 38. Nh6 Rxf2+ 39. Kg1
Rb2 40. Nxf5 Ne5 41. Re7 Nf3+ 42. Kf1 Nh2+ 43. Ke1 Nf3+ 44. Kf1 Nh2+ 45. Ke1
Nf3+ 46. Kf1 Nh2+ 47. Ke1 1/2-1/2

[Event "68th ch-ARM"]
[Site "Yerevan ARM"]
[Date "2008.01.09"]
[Round "2"]
[White "Yegiazarian, A."]
[Black "Ter Sahakyan, S."]
[Result "1/2-1/2"]
[WhiteElo "2512"]
[BlackElo "2369"]
[PlyCount "118"]
[EventDate "2008.01.08"]

1. e4 e5 2. Nf3 Nf6 3. Nxe5 d6 4. Nf3 Nxe4 5. c4 Be7 6. d4 d5 7. Nc3 Nxc3 8.
bxc3 O-O 9. Bd3 c5 10. cxd5 cxd4 11. c4 Bb4+ 12. Bd2 Re8+ 13. Kf1 Bxd2 14. Qxd2
b5 15. Nxd4 bxc4 16. Bxc4 Bb7 17. Rd1 Nd7 18. Bb5 Rc8 19. h4 Bxd5 20. Rh3 Re5
21. Kg1 h6 22. Rg3 Kh8 23. Rd3 Be4 24. Re3 Nf6 25. f3 Qb6 26. fxe4 Rd8 27. Bc6
Rc5 28. Rb3 Qc7 29. Qe2 Qf4 30. g3 Qe5 31. Rbd3 Rxd4 32. Rxd4 Rxc6 33. Kg2 Re6
34. Qd3 Nxe4 35. Re1 f5 36. Rd8+ Kh7 37. Rd5 Qf6 38. Qf3 Re5 39. Rxe5 Qxe5 40.
Re2 Qf6 41. g4 Nd6 42. Qf4 a6 43. h5 a5 44. Qe5 Qf8 45. Rf2 Qa8+ 46. Kg1 Qc6
47. gxf5 Ne4 48. Re2 Qc1+ 49. Kh2 Nf6 50. Qg3 Qc5 51. Rg2 Qe7 52. Rc2 Qb7 53.
a4 Kh8 54. Rd2 Qc8 55. Qf3 Qc7+ 56. Kg2 Kh7 57. Kh3 Nxh5 58. Qxh5 Qc3+ 59. Kh4
Qxd2 1/2-1/2

[Event "68th ch-ARM"]
[Site "Yerevan ARM"]
[Date "2008.01.09"]
[Round "2"]
[White "Babujian, L."]
[Black "Petrosian, TL."]
[Result "0-1"]
[WhiteElo "2439"]
[BlackElo "2606"]
[PlyCount "60"]
[EventDate "2008.01.08"]

1. d4 Nf6 2. c4 g6 3. Nc3 Bg7 4. e4 O-O 5. Nf3 d6 6. Be2 Bg4 7. O-O Nfd7 8. Ne1
Bxe2 9. Nxe2 Nc6 10. Be3 e5 11. d5 Ne7 12. Nd3 f5 13. f3 c5 14. b4 cxb4 15.
Nxb4 Rc8 16. Qb3 Nc5 17. Bxc5 Rxc5 18. Nd3 Rc7 19. c5 Nc8 20. cxd6 Nxd6 21. Nc3
Rc4 22. Rac1 Qa5 23. f4 fxe4 24. Nxe4 Rxe4 25. fxe5 Rxf1+ 26. Rxf1 Bxe5 27. Qc2
Qc3 28. Qb1 Qd4+ 29. Kh1 Rh4 30. h3 Nf5 0-1

[Event "68th ch-ARM"]
[Site "Yerevan ARM"]
[Date "2008.01.09"]
[Round "2"]
[White "Nalbandian, T."]
[Black "Andriasian, Z."]
[Result "0-1"]
[WhiteElo "2505"]
[BlackElo "2532"]
[PlyCount "72"]
[EventDate "2008.01.08"]

1. e3 b6 2. Be2 Bb7 3. Bf3 d5 4. c4 e6 5. Ne2 Nd7 6. d4 Ngf6 7. Nbc3 Bd6 8.
cxd5 exd5 9. Qc2 O-O 10. Nb5 Ne4 11. Nxd6 cxd6 12. Nf4 Rc8 13. Qd3 Ndf6 14. h4
Qd7 15. O-O h6 16. Nh5 Nxh5 17. Bxh5 Qe7 18. g3 g5 19. hxg5 hxg5 20. Bd2 Kg7
21. Kg2 Qe6 22. Bc3 Rh8 23. Rh1 f5 24. Be2 g4 25. f3 Ng5 26. fxg4 Ba6 27. Qxf5
Qxf5 28. gxf5 Bxe2 29. Rh4 Bf3+ 30. Kf2 Be4 31. a4 Nf3 32. Rxh8 Rxh8 33. g4 Ng5
34. Ra3 Rh2+ 35. Ke1 Nf3+ 36. Kd1 Bd3 0-1

[Event "68th ch-ARM"]
[Site "Yerevan ARM"]
[Date "2008.01.10"]
[Round "3"]
[White "Petrosian, TL."]
[Black "Yegiazarian, A."]
[Result "1-0"]
[WhiteElo "2606"]
[BlackElo "2512"]
[PlyCount "135"]
[EventDate "2008.01.08"]

1. e4 c5 2. Nf3 e6 3. Nc3 Nc6 4. d4 cxd4 5. Nxd4 d6 6. Be3 Nf6 7. Be2 Be7 8.
O-O O-O 9. f4 e5 10. Nb3 exf4 11. Bxf4 Be6 12. Kh1 d5 13. e5 Nd7 14. Nxd5 Ndxe5
15. Nxe7+ Qxe7 16. Qe1 Ng6 17. Bg3 Rfe8 18. Qf2 Rad8 19. Rae1 Bxb3 20. axb3 Rd2
21. Qg1 Qxe2 22. Rxe2 Rexe2 23. b4 h5 24. b5 Nd4 25. Be1 Rxg2 26. Bxd2 Rxg1+
27. Rxg1 Nxb5 28. Rg5 Nd4 29. Rxh5 Ne7 30. Rc5 Nec6 31. Bc3 Ne6 32. Rd5 Kf8 33.
Rd7 Ned8 34. Kg2 a6 35. h4 b5 36. b4 Ne6 37. Kf2 g6 38. Rd6 Ne7 39. Rxa6 Nd5
40. Be5 Ke7 41. Ra7+ Ke8 42. c3 f6 43. Bd4 Nxd4 44. cxd4 Nxb4 45. Rg7 Nc6 46.
Rxg6 Kf7 47. d5 Ne7 48. Rg4 Nxd5 49. h5 f5 50. Rg5 Nf6 51. Rxf5 Kg7 52. Kg3 b4
53. Kh4 b3 54. Rg5+ Kf7 55. Rb5 Ne4 56. Rb7+ Kf6 57. Rb6+ Kg7 58. Rxb3 Nd6 59.
Rg3+ Kh7 60. Rg6 Nf7 61. Kg3 Nh8 62. Re6 Nf7 63. Kf4 Kg7 64. Rg6+ Kh7 65. Kf5
Nh6+ 66. Kf6 Ng8+ 67. Kg5 Ne7 68. Rd6 1-0

[Event "68th ch-ARM"]
[Site "Yerevan ARM"]
[Date "2008.01.10"]
[Round "3"]
[White "Minasian, Ara"]
[Black "Nalbandian, T."]
[Result "1-0"]
[WhiteElo "2466"]
[BlackElo "2505"]
[PlyCount "127"]
[EventDate "2008.01.08"]

1. c4 Nf6 2. Nc3 g6 3. g3 Bg7 4. Bg2 O-O 5. d4 d6 6. Nf3 c6 7. O-O Qa5 8. e4 e5
9. h3 Nbd7 10. Be3 exd4 11. Nxd4 Ne5 12. Qe2 Re8 13. f4 Ned7 14. a3 Qd8 15.
Rad1 Qe7 16. Rfe1 a5 17. Qd2 Nc5 18. Bf2 a4 19. Nf3 Be6 20. f5 Bxc4 21. e5 Nd3
22. exf6 Qxf6 23. Rxe8+ Rxe8 24. fxg6 Qxg6 25. Nh4 Qe6 26. Qc2 Ne5 27. Qf5 Nd3
28. Rd2 d5 29. Re2 Ne5 30. Re1 b5 31. Qg5 Qf6 32. Qxf6 Bxf6 33. Nf5 Re6 34. Nd4
Nd3 35. Nxe6 Nxe1 36. Bxe1 fxe6 37. Bf1 Bb3 38. Kf2 Bg5 39. Ne2 e5 40. h4 Be7
41. Bd2 c5 42. Nc1 c4 43. Bh3 d4 44. Nxb3 axb3 45. Bc1 Kg7 46. Bd7 b4 47. axb4
Bxb4 48. Be6 c3 49. Bxb3 d3 50. bxc3 Bxc3 51. Be3 Kg6 52. Kf3 Be1 53. Bf2 e4+
54. Ke3 Bxf2+ 55. Kxf2 Kf5 56. Bd1 Ke5 57. Ke3 Kd5 58. g4 Ke5 59. Bb3 d2 60.
Bd1 Kd5 61. Kxd2 Kd4 62. Be2 h6 63. Kc2 h5 64. gxh5 1-0

[Event "68th ch-ARM"]
[Site "Yerevan ARM"]
[Date "2008.01.10"]
[Round "3"]
[White "Ter Sahakyan, S."]
[Black "Pashikian, A."]
[Result "1-0"]
[WhiteElo "2369"]
[BlackElo "2556"]
[PlyCount "77"]
[EventDate "2008.01.08"]

1. e4 e5 2. Nf3 Nc6 3. Bb5 a6 4. Ba4 Nf6 5. O-O Be7 6. Re1 b5 7. Bb3 d6 8. a4
Bd7 9. d3 O-O 10. c3 Na5 11. Bc2 c5 12. Nbd2 Qc7 13. Nf1 Rfc8 14. Ng3 Rab8 15.
axb5 axb5 16. Nh4 g6 17. Bg5 b4 18. Qf3 Bg4 19. Qe3 Nc6 20. h3 Be6 21. f4 bxc3
22. bxc3 Qd8 23. Nf3 exf4 24. Bxf4 Rb2 25. Ba4 d5 26. Ng5 d4 27. Nxe6 fxe6 28.
cxd4 Nxd4 29. Be5 Bd6 30. Bxd4 cxd4 31. Qg5 Rc5 32. e5 Qa8 33. Nf5 Bxe5 34. Bb3
Qf8 35. Bxe6+ Kh8 36. Rxe5 Rxe5 37. Ra8 Re1+ 38. Kh2 Rb8 39. Qxf6+ 1-0

[Event "68th ch-ARM"]
[Site "Yerevan ARM"]
[Date "2008.01.10"]
[Round "3"]
[White "Anastasian, A."]
[Black "Babujian, L."]
[Result "1-0"]
[WhiteElo "2562"]
[BlackElo "2439"]
[PlyCount "55"]
[EventDate "2008.01.08"]

1. Nf3 d5 2. e3 c5 3. c4 e6 4. cxd5 exd5 5. b3 Nf6 6. Bb2 Be7 7. Be2 Nc6 8. O-O
O-O 9. d4 Be6 10. dxc5 Bxc5 11. Nc3 a6 12. Rc1 Qe7 13. Na4 Bd6 14. Nd4 Ne5 15.
f4 Neg4 16. Qd3 Bd7 17. Bxg4 Bxg4 18. h3 Be6 19. Kh2 Rad8 20. Nc3 Rfe8 21. Rf3
Bb8 22. Nce2 Rc8 23. Rd1 Bd7 24. Ng3 g6 25. Ndf5 gxf5 26. Nxf5 Bxf5 27. Qxf5
Ne4 28. Rg3+ 1-0

[Event "68th ch-ARM"]
[Site "Yerevan ARM"]
[Date "2008.01.11"]
[Round "4"]
[White "Kotanjian, T."]
[Black "Andriasian, Z."]
[Result "1-0"]
[WhiteElo "2545"]
[BlackElo "2532"]
[PlyCount "133"]
[EventDate "2008.01.08"]

1. d4 d5 2. c4 c6 3. Nf3 Nf6 4. e3 e6 5. Bd3 Nbd7 6. O-O dxc4 7. Bxc4 Bd6 8.
Re1 O-O 9. e4 e5 10. Bg5 b5 11. Bb3 Bb7 12. Nbd2 c5 13. d5 h6 14. Bh4 Re8 15.
Bc2 c4 16. Nf1 Nf8 17. Ne3 Ng6 18. Bg3 Nh5 19. Nf5 Nxg3 20. hxg3 Bc5 21. Nh2
Ne7 22. g4 Nc8 23. g3 Bf8 24. Qd2 a5 25. Red1 Nd6 26. Nf3 a4 27. Kg2 a3 28.
Nxd6 Qxd6 29. b3 Bc8 30. g5 h5 31. Qe2 Bg4 32. bxc4 bxc4 33. Qxc4 Rec8 34. Qd3
Be7 35. Bb3 g6 36. Rac1 Kg7 37. Rc6 Qd8 38. Qc3 Bxf3+ 39. Kxf3 Bd6 40. Kg2 Kg8
41. Qf3 Rc7 42. Rdc1 Rd7 43. Qe3 Kg7 44. R1c4 f6 45. gxf6+ Qxf6 46. Rxd6 Rxd6
47. Rc7+ Kg8 48. Qh6 Qh8 49. Qg5 Qf6 50. Qxf6 Rxf6 51. f4 Rb6 52. Bc4 Kh8 53.
fxe5 Rf8 54. e6 Rb2+ 55. Kh3 g5 56. Bd3 Rff2 57. Bc2 Kg8 58. Rc8+ Rf8 59. Rc6
Rf2 60. e7 Rb8 61. d6 Kf7 62. Bb3+ Kf6 63. Rc2 g4+ 64. Kh4 Rf1 65. Kxh5 Re1 66.
Rf2+ Kg7 67. Rf7+ 1-0

[Event "68th ch-ARM"]
[Site "Yerevan ARM"]
[Date "2008.01.11"]
[Round "4"]
[White "Pashikian, A."]
[Black "Petrosian, TL."]
[Result "1/2-1/2"]
[WhiteElo "2556"]
[BlackElo "2606"]
[PlyCount "73"]
[EventDate "2008.01.08"]

1. e4 c5 2. Nf3 Nc6 3. Nc3 g6 4. d4 cxd4 5. Nxd4 Bg7 6. Be3 Nf6 7. Bc4 O-O 8.
Bb3 a5 9. f3 d5 10. Bxd5 Nxd5 11. Nxd5 f5 12. Nxc6 bxc6 13. Nb6 Rb8 14. Qxd8
Rxd8 15. Nxc8 Rdxc8 16. Rb1 fxe4 17. b3 exf3 18. gxf3 c5 19. c4 a4 20. Ke2 axb3
21. axb3 Be5 22. h4 Ra8 23. f4 Ra2+ 24. Kf3 Bd6 25. h5 Rf8 26. hxg6 hxg6 27.
Ke4 Rf5 28. Rbg1 Kg7 29. Rh3 Rf6 30. Rgh1 Kf7 31. Rh7+ Ke6 32. Rg1 Kd7 33. Rg7
Re6+ 34. Kf3 Rb2 35. R7xg6 Rxg6 36. Rxg6 Rxb3 37. Rg1 1/2-1/2

[Event "68th ch-ARM"]
[Site "Yerevan ARM"]
[Date "2008.01.11"]
[Round "4"]
[White "Yegiazarian, A."]
[Black "Anastasian, A."]
[Result "0-1"]
[WhiteElo "2512"]
[BlackElo "2562"]
[PlyCount "92"]
[EventDate "2008.01.08"]

1. e4 e6 2. d4 d5 3. Nd2 c5 4. Ngf3 cxd4 5. Nxd4 Nc6 6. Bb5 Bd7 7. Nxc6 Bxc6 8.
Bxc6+ bxc6 9. O-O Nf6 10. Re1 Be7 11. e5 Nd7 12. Qg4 O-O 13. Nf3 Re8 14. Bf4
Nf8 15. Rad1 Qb6 16. b3 a5 17. h4 Kh8 18. Rd3 a4 19. Ng5 f5 20. exf6 Bxf6 21.
Be5 Bxe5 22. Nf7+ Kg8 23. Nh6+ Kh8 24. Nf7+ Kg8 25. Nxe5 axb3 26. axb3 Ra7 27.
h5 h6 28. Ng6 Rf7 29. Ree3 Nd7 30. Rf3 Nf6 31. Qf4 Qc7 32. Qh4 e5 33. Rg3 e4
34. Rd1 c5 35. c3 Qb6 36. c4 d4 37. Nf4 e3 38. fxe3 Qxb3 39. Rf1 Ne4 40. Rg4 d3
41. Rg6 d2 42. Qg4 Qxe3+ 43. Kh2 Nf2 44. Rxf2 Qxf2 45. Re6 Rxe6 46. Qxe6 Qxf4+
0-1

[Event "68th ch-ARM"]
[Site "Yerevan ARM"]
[Date "2008.01.11"]
[Round "4"]
[White "Nalbandian, T."]
[Black "Ter Sahakyan, S."]
[Result "1/2-1/2"]
[WhiteElo "2505"]
[BlackElo "2369"]
[PlyCount "109"]
[EventDate "2008.01.08"]

1. d4 d5 2. Nf3 Nf6 3. Bf4 c5 4. e3 Nc6 5. c3 Qb6 6. Qb3 c4 7. Qc2 g6 8. Nbd2
Bf5 9. Qc1 Bg7 10. h3 O-O 11. Be2 Qd8 12. Ne5 Nd7 13. Nxc6 bxc6 14. g4 Bd3 15.
Bxd3 cxd3 16. Qb1 e5 17. dxe5 Bxe5 18. O-O Bxf4 19. exf4 f5 20. g5 Nc5 21. Re1
Qd6 22. Re5 Ne6 23. Rxe6 Qxe6 24. Qxd3 Qd6 25. Qg3 Rfe8 26. Nf3 Re2 27. h4 Rxb2
28. Re1 Rab8 29. Ne5 Rb1 30. Qe3 c5 31. Rxb1 Rxb1+ 32. Kh2 Rb8 33. h5 d4 34.
Qd3 Rd8 35. Qc4+ Qd5 36. Qa6 Qd6 37. Qxa7 Qf8 38. h6 d3 39. Qa6 Qe7 40. Qc4+
Kf8 41. Nxd3 Qe4 42. Qxc5+ Ke8 43. Qb5+ Ke7 44. Qc5+ Ke8 45. Qe5+ Qxe5 46. Nxe5
Ra8 47. c4 Ke7 48. c5 Rxa2 49. Kg2 Ke6 50. c6 Kd6 51. Kf3 Ra4 52. Ke3 Re4+ 53.
Kf3 Re1 54. Kg2 Ra1 55. Kf3 1/2-1/2

[Event "68th ch-ARM"]
[Site "Yerevan ARM"]
[Date "2008.01.12"]
[Round "5"]
[White "Petrosian, TL."]
[Black "Nalbandian, T."]
[Result "1-0"]
[WhiteElo "2606"]
[BlackElo "2505"]
[PlyCount "109"]
[EventDate "2008.01.08"]

1. e4 e6 2. d4 d5 3. Nc3 dxe4 4. Nxe4 Nd7 5. Nf3 Ngf6 6. Bg5 h6 7. Nxf6+ Nxf6
8. Bh4 c5 9. Bd3 cxd4 10. Nxd4 Bc5 11. Nb3 Be7 12. Qe2 Qd5 13. f4 Qh5 14. Qxh5
Nxh5 15. Bxe7 Kxe7 16. O-O Rd8 17. Rae1 Nf6 18. Re5 Rd5 19. Re2 Bd7 20. f5 Rc8
21. fxe6 Bxe6 22. Bf5 Kd6 23. Bxe6 fxe6 24. Rfe1 e5 25. Nd2 b5 26. Nf1 Ke6 27.
Ne3 Rd4 28. Nd1 Nd7 29. c3 Rd6 30. Ne3 Rf8 31. Nc2 Rd5 32. g3 a5 33. Kg2 Kd6
34. Ne3 Rd3 35. a4 bxa4 36. Nc4+ Kc6 37. Rxe5 a3 38. Re6+ Kd5 39. Nxa3 Rd2+ 40.
R6e2 Rxe2+ 41. Rxe2 Ne5 42. b3 Nc6 43. Nc4 Rf6 44. Ra2 g5 45. Nxa5 Ne5 46. Rd2+
Ke4 47. Re2+ Kd5 48. h3 Ra6 49. b4 h5 50. Kf1 Rf6+ 51. Kg2 Ra6 52. Rd2+ Ke4 53.
Kf2 Rf6+ 54. Ke2 Rf3 55. Nc4 1-0

[Event "68th ch-ARM"]
[Site "Yerevan ARM"]
[Date "2008.01.12"]
[Round "5"]
[White "Minasian, Ara"]
[Black "Kotanjian, T."]
[Result "0-1"]
[WhiteElo "2466"]
[BlackElo "2545"]
[PlyCount "162"]
[EventDate "2008.01.08"]

1. c4 c6 2. e4 e5 3. Nf3 d6 4. d4 Nd7 5. Nc3 Ngf6 6. Be2 Be7 7. O-O O-O 8. h3
a6 9. Be3 Rb8 10. Rb1 Re8 11. d5 c5 12. a3 Rf8 13. b4 Ne8 14. Qd2 b6 15. Ne1 g6
16. Nd3 Qc7 17. f4 exf4 18. Bxf4 Bf6 19. bxc5 bxc5 20. Rxb8 Qxb8 21. Qc2 Ng7
22. Kh2 Re8 23. Bg4 Qc7 24. Bd2 Qd8 25. Qd1 Ne5 26. Bxc8 Nxd3 27. Qf3 Be5+ 28.
Kh1 Nh5 29. Ne2 Qxc8 30. Qxd3 Qd7 31. Bc3 Qe7 32. g4 Nf6 33. Bxe5 Qxe5 34. Ng3
Nxe4 35. Nxe4 Qxe4+ 36. Qxe4 Rxe4 37. Rf6 Rxc4 38. Rxd6 Rc3 39. Kg2 Rxa3 40.
Rc6 Kg7 41. Rxc5 Kf6 42. Rc7 h6 43. Ra7 a5 44. d6 a4 45. d7 Rd3 46. Rxa4 Rxd7
47. Ra5 Rd2+ 48. Kg3 Rd3+ 49. Kg2 Re3 50. Rb5 Re5 51. Rb7 h5 52. gxh5 Rxh5 53.
Kg3 g5 54. Rb6+ Kf5 55. Rb5+ Kg6 56. Rb6+ f6 57. Rb4 Rh8 58. Ra4 f5 59. Ra6+
Kh5 60. Rf6 f4+ 61. Kf3 Re8 62. Rf7 Kg6 63. Ra7 Re3+ 64. Kg2 Re2+ 65. Kg1 Kf5
66. Ra5+ Re5 67. Ra4 Rd5 68. Kg2 Rd2+ 69. Kg1 f3 70. Rb4 Rg2+ 71. Kh1 Re2 72.
Kg1 Re4 73. Rb8 Kf4 74. Rg8 Re1+ 75. Kf2 Re2+ 76. Kg1 Rg2+ 77. Kh1 g4 78. Rg7
Ke3 79. hxg4 Kf2 80. Ra7 Kg3 81. Ra3 Rb2 0-1

[Event "68th ch-ARM"]
[Site "Yerevan ARM"]
[Date "2008.01.12"]
[Round "5"]
[White "Andriasian, Z."]
[Black "Asrian, K."]
[Result "1/2-1/2"]
[WhiteElo "2532"]
[BlackElo "2621"]
[PlyCount "53"]
[EventDate "2008.01.08"]

1. e4 c5 2. Nf3 Nc6 3. d4 cxd4 4. Nxd4 Nf6 5. Nc3 d6 6. Bg5 Bd7 7. Qd2 h6 8.
Bxf6 gxf6 9. O-O-O Nxd4 10. Qxd4 Qa5 11. f4 Rc8 12. Kb1 Qc5 13. Qd2 Bg7 14. f5
h5 15. Qd3 Bh6 16. g3 h4 17. Be2 Bg5 18. Rhe1 Bc6 19. Nd5 Bxd5 20. exd5 hxg3
21. hxg3 Kf8 22. Qe4 Kg7 23. Bd3 Rc7 24. Re2 b5 25. Rh1 Rcc8 26. Rhe1 Rc7 27.
Rh1 1/2-1/2

[Event "68th ch-ARM"]
[Site "Yerevan ARM"]
[Date "2008.01.12"]
[Round "5"]
[White "Anastasian, A."]
[Black "Pashikian, A."]
[Result "1-0"]
[WhiteElo "2562"]
[BlackElo "2556"]
[PlyCount "77"]
[EventDate "2008.01.08"]

1. d4 d5 2. c4 c6 3. Nc3 Nf6 4. Nf3 e6 5. e3 Nbd7 6. Qc2 Bd6 7. b3 O-O 8. Be2
b6 9. O-O Bb7 10. Bb2 Qe7 11. a4 a5 12. Rfd1 Rad8 13. Bd3 h6 14. Qe2 Rfe8 15.
Rac1 Bb8 16. h3 e5 17. cxd5 cxd5 18. dxe5 Nxe5 19. Nd4 Nxd3 20. Rxd3 Rc8 21.
Rdd1 Qe5 22. Nf3 Qh5 23. Nb5 Ne4 24. Nfd4 Qg6 25. Qg4 Qf6 26. Qf5 Qe7 27. Ba3
Qh4 28. Qf3 Qg5 29. Nf5 Rxc1 30. Rxc1 d4 31. Nbxd4 Kh7 32. Qg4 Qf6 33. f4 g6
34. Ng3 h5 35. Nxe4 Rxe4 36. Qd7 Rxe3 37. Qxb7 Qxf4 38. Nf3 Rxb3 39. Ng5+ 1-0

[Event "68th ch-ARM"]
[Site "Yerevan ARM"]
[Date "2008.01.12"]
[Round "5"]
[White "Babujian, L."]
[Black "Yegiazarian, A."]
[Result "1/2-1/2"]
[WhiteElo "2439"]
[BlackElo "2512"]
[PlyCount "124"]
[EventDate "2008.01.08"]

1. d4 Nf6 2. c4 e6 3. Nc3 Bb4 4. a3 Bxc3+ 5. bxc3 c5 6. f3 d5 7. cxd5 Nxd5 8.
dxc5 Qa5 9. e4 Ne7 10. Be3 O-O 11. Qb3 Na6 12. Bxa6 Qxa6 13. Ne2 Bd7 14. Rb1
Bc6 15. c4 f5 16. exf5 Nxf5 17. O-O Nxe3 18. Qxe3 Qxc4 19. Rb4 Qc2 20. Rc1 Qg6
21. Nf4 Qf7 22. Qxe6 Rfe8 23. Qxf7+ Kxf7 24. Rd4 Rad8 25. Rxd8 Rxd8 26. Kf2
Rd2+ 27. Ke3 Ra2 28. Rc3 g5 29. Ne2 Bb5 30. Nd4 Ba4 31. g4 Rxh2 32. Rc4 Bc6 33.
Nxc6 bxc6 34. Rd4 Rc2 35. Rd7+ Ke6 36. Rxh7 Rc3+ 37. Ke4 Rc4+ 38. Kd3 Ra4 39.
Rh5 Rxa3+ 40. Ke4 Ra4+ 41. Ke3 Ra3+ 42. Kf2 Ra2+ 43. Kg3 Kf6 44. Rh6+ Kf7 45.
Rxc6 Rc2 46. Rc7+ Kg6 47. Rxa7 Rxc5 48. Ra6+ Kf7 49. Kf2 Re5 50. Rh6 Kg7 51.
Rh1 Kf6 52. Rd1 Re8 53. Rd6+ Kf7 54. Rd3 Re5 55. Re3 Rxe3 56. Kxe3 Ke7 57. Kd3
Kd7 58. Ke2 Ke6 59. Kf1 Kf6 60. Kf2 Ke6 61. Ke2 Kd6 62. Kd2 Ke6 1/2-1/2

[Event "68th ch-ARM"]
[Site "Yerevan ARM"]
[Date "2008.01.13"]
[Round "6"]
[White "Asrian, K."]
[Black "Minasian, Ara"]
[Result "1/2-1/2"]
[WhiteElo "2621"]
[BlackElo "2466"]
[PlyCount "103"]
[EventDate "2008.01.08"]

1. e4 e5 2. Nf3 Nc6 3. Bb5 Nf6 4. d3 Bc5 5. c3 O-O 6. O-O Re8 7. Nbd2 a6 8. Ba4
h6 9. Re1 b5 10. Bb3 d6 11. h3 Be6 12. Bxe6 Rxe6 13. Nf1 d5 14. Qe2 Qd7 15. b4
Bb6 16. Qb2 a5 17. a4 d4 18. axb5 dxc3 19. Qxc3 Nxb4 20. Be3 Qxd3 21. Qxd3 Nxd3
22. Red1 Nc5 23. Bxc5 Bxc5 24. Ra4 Bb4 25. Rc1 Nxe4 26. Rc4 Nc3 27. Rcxb4 Nxa4
28. Rxa4 f6 29. Ne3 Rb6 30. Nd5 Rxb5 31. Nxc7 Rb1+ 32. Kh2 Rc8 33. Nd5 Rc5 34.
Ne3 Rb4 35. Ra2 a4 36. Ne1 Ra5 37. N1c2 Rb3 38. Na3 Rd3 39. Kg3 Kf7 40. Kf3 Ke6
41. Ke2 Rb3 42. Nac4 Ra6 43. Nd2 Rb4 44. Nc2 Rb5 45. Nc4 Rb1 46. Nb2 Ra7 47.
Nxa4 Ra5 48. Nc3 Rxa2 49. Nxa2 f5 50. Nc3 Rb2 51. Kd2 Rb8 52. Ne2 1/2-1/2